Z obecnej kroniky - Sliače z ukážok kronikárskych prác ocenených na Slovenskej kronike 1996 - história obce Sliače

Bibliographic Details
Main Author: Ondrejka, Ľudovít, 1934- (Author)
Format: Article
Language:Slovak
PhysicalDescription:Fotogr.
Subjects:

MARC

LEADER 00000nab a2200000 a 4500
001 vtls000652079
003 SK-MaSNL
005 20260305032448.0
008 180206c1998 xo 0 slo
015 |a SNBRA1998/02-03995 
035 |a CLN000004273 
040 |a SNKBUCL  |b slo  |c SNKBUCL  |e AACR2 
041 0 |a slo 
044 |a xo  |c SK 
080 |a 930.253(437.6):908  |2 UDC-MRF-SK2 
080 |a 908.437.6:930.253  |2 UDC-MRF-SK2 
100 1 |a Ondrejka, Ľudovít,  |d 1934-  |4 aut  |9 12591 
245 1 0 |a Z obecnej kroniky - Sliače  |b z ukážok kronikárskych prác ocenených na Slovenskej kronike 1996 - história obce Sliače  |c Ľudovít Ondrejka 
300 |b Fotogr. 
650 0 7 |a obecné kroniky  |2 snkbucl  |9 31514 
651 7 |a Ružomberok (Slovensko : okres)  |2 snkbucl  |9 51838 
651 7 |a Liptovské Sliače (Slovensko)  |2 snkbucl  |9 25973 
655 7 |a články z novín a časopisov  |2 snkbucl  |9 267496 
773 0 |t Národná osveta  |g Roč. 8, č. 2 (1998) 
773 0 |t [Príl.] Slovenská kronika  |g Roč. 2, č. 1 (1998), s. 5-6 
850 |a Slovenská národná knižnica v Martine 
852 |a SNK  |b KIS3GCP 
958 |a RBX 
999 |c 3320204  |d 3322134